000
00250nam a22001217a 4500
003
SGT
082
_a
954.03
_b
F72C
100
_a
CHANDRA, BIPAN
245
_a
FREEDOM STRUGGLE
260
_b
NATIONAL BOOK TRUST
_c
1972
300
_a
228
942
_2
ddc
_c
BK
999
_c
28754
_d
28754